Library Logo

Pioneer International University Library Catalogue

Schaum's outline of theory and problems of fluid dynamics (Record no. 677)

MARC details
000 -LEADER
fixed length control field 00311nam a22000977a 4500
005 - DATE AND TIME OF LATEST TRANSACTION
control field 20250901165229.0
008 - FIXED-LENGTH DATA ELEMENTS--GENERAL INFORMATION
fixed length control field 210224b ||||| |||| 00| 0 eng d
050 ## - LIBRARY OF CONGRESS CALL NUMBER
Classification number QA911 .H84
245 ## - TITLE STATEMENT
Title Schaum's outline of theory and problems of fluid dynamics
Statement of responsibility, etc. HUGHES, WILLIAM F.
942 ## - ADDED ENTRY ELEMENTS (KOHA)
Source of classification or shelving scheme Library of Congress Classification
Classification part QA911 .H84 1967
Holdings
Withdrawn status Lost status Source of classification or shelving scheme Damaged status Not for loan Home library Current library Shelving location Date acquired Total checkouts Full call number Barcode Date last seen Price effective from Koha item type
    Library of Congress Classification     Main Library Main Library   02/24/2021   QA911 .H84 1967 PIU0190067 02/24/2021 02/24/2021 Books